00688nam a2200157 i 4500001000700000003000900007005001700016008004100033100002400074245016000098260005300258300002100311490008800332830008500420852002500505187930ES-MaACL20250727190112.0180326s1930 sp |||| | spa d1 aWohlhaupter, Eugen.13aLa importancia de España en la historia de los derechos fundamentales : bconferencia pronunciada el día 26 de marzo de 1930 / cpor Eugen Wohlhaupter. aMadrid : b[s.n.], c1930 (fBlass tipogragía) a36 p. ; c23 cm.1 aConferencias dadas en el Centro de intercambio intelectual germano-español ; v2800aConferencias dadas en el Centro de Intercambio Intelectual Germano-Españolv28 aES-MaACLjC-8111(23)